000 00429pab a2200169 454500
008 180718b2012 xxu||||| |||| 00| 0 eng d
100 _aonRawat, Vidya Bhush
245 _aKarnataka Governmentメs unconstitutional acti
260 _c2012
300 _akap.18-1
362 _a11 Aug
650 _aReligious belief - India - Karnata
650 _aanReligious belief
773 _aMainstream
908 _a9
909 _a97147
999 _c97147
_d97147